| 000 | 00916nam a22002417a 4500 | ||
|---|---|---|---|
| 005 | 20160328105217.0 | ||
| 010 | _a1516EN07 ENG-114771 | ||
| 020 |
_c199.00 _a9789384052492 |
||
| 035 | _aEN-98303 | ||
| 035 | _aB-598665-686 | ||
| 037 |
_bAsian/ven _aDPL |
||
| 037 | _bDBAD/PUB | ||
| 082 | _a882 | ||
| 100 | _aShaw, Bernard | ||
| 245 |
_aPygmalion : _cby Bernard Shaw ; edited by L.W.Conolly _ba romance in five acts / |
||
| 260 |
_bBloomsbury Publishing _c2015 _aNew Delhi |
||
| 270 |
_aVishrut Building, DDA Complex, Building No.3 Ground Floor,Pocket C - 6 & 7, Vasant Kunj _bNew Delhi _e110070 |
||
| 300 |
_aliv,154p. _c20cm(pbk) |
||
| 490 | _aNew mermaids | ||
| 700 | _aConolly, L.W. | ||
| 942 |
_2ddc _cEN _mSHA _h882 |
||
| 999 |
_c96293 _d96293 |
||